Pokračovanie rodu : Úpravy objektov ľudovej architektúry

Salvato in:
Dettagli Bibliografici
Autore principale: Krpelán, Igor (Autore)
Natura: Libro
Lingua:slovacco
Pubblicazione: Bratislava : Jaga, 1998
Soggetti:
Tags: Aggiungi Tag
Nessun Tag, puoi essere il primo ad aggiungerne!!

MARC

LEADER 00000nam a22000003a 4500
001 stu49219
005 20150617225708.8
008 990224s1998------------------------slo-d
020 |a 80-88905-03-6 
040 |a STU  |b slo 
041 0 |a slo 
080 |a 72 
100 1 |a Krpelán, Igor  |4 aut 
245 1 |a Pokračovanie rodu :  |b Úpravy objektov ľudovej architektúry 
260 |a Bratislava :  |b Jaga,  |c 1998 
300 |a 104 s.,obr.,schémy 
650 7 |a architektúra ľudová  |2 stusub 
996 |b 284AU01475  |c A*4013 U  |l AAKNAR  |s A  |a 24  |w stu49219_0001 
996 |b 284AU02682  |c A*3074 U  |l AAKNST  |s P  |a 0  |w stu49219_0002 
996 |b 284AU00381  |c A*3073 U  |l AAKNAR  |s A  |a 24  |w stu49219_0003 
996 |b 284V026429  |c V*46013/O-20225  |l VVT  |s A  |a 24  |w stu49219_0004